| 000 | 00409nam a2200169 a 4500 | ||
|---|---|---|---|
| 001 | 5698 | ||
| 005 | 20180713185541.0 | ||
| 008 | 140415s1975 000 0 spa d | ||
| 041 | _aspa | ||
| 082 |
_a863 _bSPO |
||
| 100 | 1 | _aSpota, Luis,. | |
| 245 | 1 | 0 | _aPALABRAS MAYORES |
| 250 | _a7a ed. | ||
| 260 |
_a[s.l.] : _bGRIJALBO, _c1975 |
||
| 300 | _a383 | ||
| 650 | 1 | 4 | _aPOLITICA EN LA LITERATURA |
| 999 |
_c5698 _d5698 |
||